|
|
|
|
| LEADER |
01081nam a22002537a 4500 |
| 001 |
43605 |
| 003 |
BD-DhAAL |
| 005 |
20260410162653.0 |
| 008 |
241023t2015 bg ||||| b||| 00| 0 ben d |
| 020 |
|
|
|a 9847035001999
|
| 040 |
|
|
|a BD-DhAAL
|c BD-DhAAL
|
| 041 |
|
|
|a ben
|
| 082 |
|
|
|a 891.442
|2 23
|
| 100 |
|
|
|a নিপু, শাহাদাৎ হোসেন.
|9 57040
|
| 245 |
|
|
|a বাংলা নাটক উনিশ থেকে বিশে /
|c শাহাদাৎ হোসেন নিপু.
|
| 260 |
|
|
|a ঢাকা :
|b র্যামন পাবলিশার্স,
|c ২০১৫.
|
| 300 |
|
|
|a ৬৩ পৃষ্ঠা ;
|c ২২ সে.মি.
|
| 500 |
|
|
|a প্রথম প্রকাশ ২০১৫
|
| 541 |
|
|
|a Savar campus library
|e 43605
|
| 650 |
|
|
|a Bengali Drama.
|
| 650 |
|
|
|a Bengali literature.
|
| 942 |
|
|
|2 ddc
|c BK
|
| 999 |
|
|
|c 47052
|d 47052
|
| 952 |
|
|
|0 0
|1 0
|2 ddc
|4 0
|6 891_442000000000000_NIP
|7 0
|9 76743
|a SCL
|b SCL
|c GEN
|d 2024-10-23
|e Savar Campus Library
|g 125.00
|l 0
|o 891.442 NIP
|p 3020043605
|r 2024-10-23
|t 1
|w 2024-10-23
|y BK
|x Price available in register.
|